000
00302 a2200133 4500
001
153872
040
_c
Escola São Tomás de Aquino
100
_a
JUNQUEIRA, Sonia
240
1
0
_a
O peru de peruca
_l
por
245
1
0
_a
O peru de peruca
362
0
_a
1996
697
_a
*LITERATURA INFANTIL
942
_c
BK
999
_c
153872
_d
153872